International law / (Record no. 2002)

000 -LEADER
fixed length control field 02716cam a2200361 i 4500
001 - CONTROL NUMBER
control field 17436373
003 - CONTROL NUMBER IDENTIFIER
control field OSt
005 - DATE AND TIME OF LATEST TRANSACTION
control field 20160108091146.0
008 - FIXED-LENGTH DATA ELEMENTS--GENERAL INFORMATION
fixed length control field 120821s2013 nyu b 001 0 eng
010 ## - LIBRARY OF CONGRESS CONTROL NUMBER
LC control number 2012034003
020 ## - INTERNATIONAL STANDARD BOOK NUMBER
International Standard Book Number 9780521194877 (hardback)
020 ## - INTERNATIONAL STANDARD BOOK NUMBER
International Standard Book Number 9780521144063 (paperback)
040 ## - CATALOGING SOURCE
Original cataloging agency DLC
Language of cataloging eng
Transcribing agency DLC
Description conventions rda
Modifying agency DLC
042 ## - AUTHENTICATION CODE
Authentication code pcc
050 00 - LIBRARY OF CONGRESS CALL NUMBER
Classification number KZ3410.K57 2013
082 00 - DEWEY DECIMAL CLASSIFICATION NUMBER
Classification number 341
Edition number 23
084 ## - OTHER CLASSIFICATION NUMBER
Classification number LAW051000
Source of number bisacsh
100 1# - MAIN ENTRY--PERSONAL NAME
Personal name Klabbers, Jan.
245 10 - TITLE STATEMENT
Title International law /
Statement of responsibility, etc Jan Klabbers.
260 ## - PUBLICATION, DISTRIBUTION, ETC. (IMPRINT)
Place of publication, distribution, etc Cambridge
Name of publisher, distributor, etc Cambridge University Press
Date of publication, distribution, etc 2013
300 ## - PHYSICAL DESCRIPTION
Extent xxv, 350 pages ;
Dimensions 26 cm
504 ## - BIBLIOGRAPHY, ETC. NOTE
Bibliography, etc Includes bibliographical references (pages 319-337) and index.
505 0# - FORMATTED CONTENTS NOTE
Formatted contents note The setting of international law -- The making of international law -- The law of treaties -- The subjects of international law -- Jurisdiction, powers, and immunities -- The individual in international law -- The law of responsibility -- International courts and tribunals -- Sanctions, countermeasures, and collective security -- Use of force -- The law of armed conflict -- International criminal law -- The seas, the air, and space -- Protecting the environment -- The global economy -- Domestic courts and the relationship with international law -- The politics and ethics of international law and global governance -- By way of conclusion.
520 ## - SUMMARY, ETC.
Summary, etc "Written by one of the world's leading international lawyers, this is a landmark publication in the teaching of international law. International law can be defined as 'the rules governing the legal relationship between nations and states', but reality is much more complex, with political, diplomatic and socio-economic factors shaping the law and its application. This refreshingly clear, concise textbook encourages students to view international law as a dynamic system of organizing the world. Bringing international law back to its first principles, the book is organized around four questions: where does it come from? to whom does it apply? how does it resolve conflict? what does it say? Building on these questions with both academic rigour and clarity of expression, Professor Klabbers breathes life and energy into the subject. Footnotes point students to the wider academic debate while chapter introductions and final remarks reinforce learning"--
650 #0 - SUBJECT ADDED ENTRY--TOPICAL TERM
Topical term or geographic name as entry element International law.
650 #0 - SUBJECT ADDED ENTRY--TOPICAL TERM
Topical term or geographic name as entry element International law
General subdivision Political aspects.
650 #0 - SUBJECT ADDED ENTRY--TOPICAL TERM
Topical term or geographic name as entry element International law
General subdivision Social aspects.
650 #0 - SUBJECT ADDED ENTRY--TOPICAL TERM
Topical term or geographic name as entry element International law
General subdivision Economic aspects.
650 #7 - SUBJECT ADDED ENTRY--TOPICAL TERM
Topical term or geographic name as entry element LAW / International.
Source of heading or term bisacsh
906 ## - LOCAL DATA ELEMENT F, LDF (RLIN)
a 7
b cbc
c orignew
d 1
e ecip
f 20
g y-gencatlg
942 ## - ADDED ENTRY ELEMENTS (KOHA)
Source of classification or shelving scheme
Koha item type Book
Holdings
Withdrawn status Lost status Source of classification or shelving scheme Damaged status Not for loan Home library Current library Shelving location Date acquired Total Checkouts Total Renewals Full call number Barcode Date last seen Date checked out Copy number Price effective from Koha item type Checked out
          Riara University Library Riara University Library General stack 08/01/2016 4 1 KZ3410.K57 2013 6701/15 22/11/2016 18/11/2016 C.1 08/01/2016 Book  
          Riara University Library Riara University Library General stack 08/01/2016 20 2 KZ3410.K57 2013 6702/15 06/03/2020 12/02/2020 C.2 08/01/2016 Book  
          Riara University Library Riara University Library General stack 08/01/2016 9 2 KZ3410.K57 2013 6703/15 31/03/2017 31/03/2017 C.3 08/01/2016 Book 17/04/2017

Riara University Library,
P.O. Box 49940-00100,
Nairobi, Kenya.